000 00338nam a2200133Ia 4500
008 191201s2004 xx 000 0 und d
082 _a005.1BES
100 _aBehforooz, Ali
245 0 _aSoftware Engineering Fundamantals
260 _aN.Delhi
_bOxford Universty Press
_c2004
300 _a661
650 _aB.Tech(CSE)
942 _2ddc
_cBK
999 _c1340
_d1340